000 00642nam a2200253Ia 4500
003 OSt
005 20221005124850.0
006 a|||||r|||| 00| 0
007 ta
008 221004b |||||||| |||| 00| 0 hin d
024 _a54008
037 _cTextual
040 _aCRL
_cCRL
_bhin
041 _2hin
_ahin
082 _aO152,3N03,13, 32K0
100 _aYeshpal
_9635869
245 0 _aNircem pideppicla nanakal
260 _c1960
300 _a637p.
_ccm.
650 _a HINDI LITERATURE
_923866
650 _aHINDI FICTION
942 _hO152,3N03,13, 32K0
_cTEXL
_2cc
999 _c1051919
_d1051919